00286nam a2200133Ia 4500008004100000100001300041245002200054250001200076260001900088300000800107650001200115942000800127999001700135190216s9999||||xx |||||||||||||| ||und|| aHanda. M 0aPhysics For Gate a1st Ed. bSatya Prakasan a416 aPhysics cREF c36204d36204